000096660 001__ 96660
000096660 005__ 20201120151214.0
000096660 037__ $$aTAZ-TFG-2020-935
000096660 041__ $$aspa
000096660 1001_ $$aMoreno del Barrio, Yaiza
000096660 24200 $$aManagement of the plague of the pine processionary Thaumetopoea pityocampa (Den. & Schiff.) in Zaragoza, city.
000096660 24500 $$aManejo de la plaga de la procesionaria del pino Thaumetopoea pityocampa (Den. & Schiff.) en Zaragoza, ciudad.
000096660 260__ $$aZaragoza$$bUniversidad de Zaragoza$$c2020
000096660 506__ $$aby-nc-sa$$bCreative Commons$$c3.0$$uhttp://creativecommons.org/licenses/by-nc-sa/3.0/
000096660 520__ $$aLa procesionaria del pino (Thaumetopoea pityocampa Den. & Schiff.) es uno de los principales insectos defoliadores de la región mediterránea. Su abundancia en la ciudad, junto con el riesgo para la salud de personas y animales domésticos en zonas recreativas o con alta afluencia, han motivado la realización de este trabajo. Con él se pretendía estudiar el comportamiento de la plaga en la ciudad, con el fin de poder definir una estrategia de control para reducir sus niveles.<br />Para conocer el estado actual de la procesionaria se aplicaron distintas estrategias basadas en el manejo de la plaga. En primer lugar se colocaron trampas de feromona para la captura de mariposas macho, lo que nos permitió conocer el vuelo de la procesionaria en nuestra ciudad. Posteriormente se aplicaron tratamientos de endoterapia y Bacillus thuringiensis para provocar la muerte de las larvas en sus primeros estadios, antes de que la aparición de los pelos urticantes. Al inicio de la aparición de los nidos, se aplicaron métodos físicos para su eliminación. Y finalmente se colocaron trampas barreras en los troncos para tratar de capturar a los individuos que hubiesen sobrevivido a los tratamientos anteriores durante la fase de descenso del árbol para enterrarse en el suelo.<br />Se realizó un análisis estadístico del número de bolsones eliminados en el año anterior al estudio y durante nuestro año de estudio, tras la aplicación de los tratamientos.<br />Una vez analizados estadísticamente los datos proporcionados, se comprobó que la plaga presenta un comportamiento errático para las variables consideradas en este estudio por lo que sería recomendable continuar estudiándola. Asimismo se aconseja repetir los tratamientos aplicados durante este trabajo durante al menos dos años para lograr controlar la plaga.<br /><br />
000096660 521__ $$aGraduado en Ciencias Ambientales
000096660 540__ $$aDerechos regulados por licencia Creative Commons
000096660 700__ $$aBarriuso Vargas, Juan J.$$edir.
000096660 700__ $$aBarnola Petit, Amalia$$edir.
000096660 7102_ $$aUniversidad de Zaragoza$$bCiencias Agrarias y del Medio Natural$$c
000096660 8560_ $$f613600@unizar.es
000096660 8564_ $$s7405391$$uhttps://zaguan.unizar.es/record/96660/files/TAZ-TFG-2020-935.pdf$$yMemoria (spa)
000096660 909CO $$ooai:zaguan.unizar.es:96660$$pdriver$$ptrabajos-fin-grado
000096660 950__ $$a
000096660 951__ $$adeposita:2020-11-20
000096660 980__ $$aTAZ$$bTFG$$cEPSHUES
000096660 999__ $$a20200601090058.CREATION_DATE